Drapeaux mélangés #1 - Statistiques

Statistiques générales
  • Ce quiz a été pris 380 fois
  • Le résultat moyen est 6 sur 10
Statistiques - réponses
Par images Réponse % Correct
France Canada
100%
Japon Corée du Sud
88%
Irlande Inde
83%
Brésil Kosovo
66%
États-Unis Chine
52%
Colombie Moldavie
48%
Burundi Éthiopie
47%
Tonga Malte
44%
Comores Tunisie
37%
Syrie Égypte
35%
Aucun quiz correspondant
Distribution des résultats
% des personnes avec chaque résultat
Percentile par nombre de réponses
Votre historique - résultats
Vous n’avez pas pris ce quiz